000 00831cam a22002651i 4500
001 gs 15000665
003 DLC
005 20260227111318.0
008 790911s1915 dcuf f001 0 eng
010 _ags 15000665
035 _a(OCoLC)5362140
040 _aDLC
_cICharE
_dDLC
042 _apremarc
043 _an-us-ut
045 _aw9x1
050 0 0 _aQE75
_b.B9 no. 566
100 1 _aMarshall, R. B.
_q(Robert Bradford),
_d1867-1949.
245 1 0 _aResults of spirit leveling in Utah, 1897 to 1914, inclusive /
_cR.B. Marshall, chief geographer.
260 _aWashington,
_bGovt. Print. Off.,
_c1915.
300 _a77 p. :
_bpl. ;
_c24 cm.
490 1 _aU.S. Geological survey. Bulletin 566
500 _aIncludes index.
651 0 _aUtah
_xAltitudes.
810 1 _aUnited States.
_bGeological Survey.
_tBulletin ;
_v566.
999 _c25559
_d25559